000 00528nam a2200169Ia 4500
005 20250923145520.0
008 008 250917s9999 xx 000 0 eng d
037 _aTextual
040 _aDSWL
_beng
_cDSWL
041 _aeng
_2eng
084 _aYx
_qDSWL
245 0 _aProject profiles : Integrated child development services projects
_c by P.E.O.Planning Commission
260 _aNew Delhi
_bDelhi P.E.O. Planning Commission
_c1978
300 _aiii,88 p.
942 _cTEXL
_hYx
999 _c1452316
_d1452316